| 000 | 00496nam a2200133Ia 4500 | ||
|---|---|---|---|
| 008 | 220216s9999 xx 000 0 und d | ||
| 100 | _aJose V.T. | ||
| 245 | 0 | _aBionutritive components of vermicompost using rubber based substrates | |
| 260 |
_bNational Conference on Organic Farming in Horticultural Crops with Special Reference to Plantation Crops, 15-18 october 2008, CPCRI, Kasaragod, India, pp. 89. _c2008 |
||
| 700 | _aJose G. | ||
| 700 | _aJoseph K. | ||
| 700 | _aMathew J. | ||
| 942 | _cJS | ||
| 999 |
_c54809 _d54809 |
||